Statistics for Bordering Countries by Population Order #2

Click here to take the quiz!

General Stats

  • This quiz has been taken 13 times
  • The average score is 32 of 51

Answer Stats

HintCountries% Correct
RussiaChina
100%
GuatemalaBelize
82%
IndiaChina
82%
GuatemalaEl Salvador
82%
GuatemalaHonduras
82%
GuatemalaMexico
82%
RussiaPoland
82%
BoliviaArgentina
73%
IndiaBangladesh
73%
IndiaBhutan
73%
BoliviaBrazil
73%
IndiaMyanmar
73%
IndiaNepal
73%
IndiaPakistan
73%
BoliviaPeru
73%
SerbiaBosnia and Herzegovina
64%
SerbiaBulgaria
64%
BoliviaChile
64%
SerbiaCroatia
64%
ZambiaDemocratic Republic of the Congo
64%
SerbiaHungary
64%
SerbiaKosovo
64%
BoliviaParaguay
64%
SerbiaRomania
64%
RussiaUkraine
64%
ZambiaAngola
55%
RussiaAzerbaijan
55%
RussiaBelarus
55%
ZambiaBotswana
55%
RussiaEstonia
55%
RussiaFinland
55%
RussiaGeorgia
55%
GuineaGuinea-Bissau
55%
GuineaIvory Coast
55%
RussiaKazakhstan
55%
RussiaLatvia
55%
GuineaLiberia
55%
RussiaLithuania
55%
ZambiaMalawi
55%
GuineaMali
55%
RussiaMongolia
55%
SerbiaMontenegro
55%
ZambiaMozambique
55%
ZambiaNamibia
55%
RussiaNorth Korea
55%
SerbiaNorth Macedonia
55%
RussiaNorway
55%
GuineaSenegal
55%
GuineaSierra Leone
55%
ZambiaTanzania
55%
ZambiaZimbabwe
55%

Score Distribution

Percentile by Number Answered

Percent of People with Each Score

Your Score History

You have not taken this quiz